Statistics for All Teams that have participated in the Euros

Click here to take the quiz!

General Stats

  • This quiz has been taken 199 times
    (112 since last reset)
  • The average score is 31 of 34

Answer Stats

Best ResultAnswer% Correct
WinnerPortugal
98%
Quarter FinalCroatia
97%
WinnerFrance
97%
WinnerNetherlands
97%
FinalBelgium
96%
Semi FinalEngland
96%
WinnerGermany
96%
WinnerSpain
96%
FinalCzech Republic
95%
Semi FinalRussia
95%
Semi FinalSweden
95%
WinnerDenmark
94%
Group StageFinland
94%
WinnerItaly
94%
Round of 16Switzerland
94%
Group StageAustria
92%
WinnerGreece
92%
Round of 16Ireland
92%
Group StageNorway
92%
Round of 16Slovakia
92%
Quarter FinalIceland
91%
Group StageScotland
91%
Semi FinalTurkey
90%
Quarter FinalUkraine
90%
Group StageAlbania
89%
Semi FinalHungary
89%
Group StageBulgaria
88%
Quarter FinalRomania
88%
Semi FinalWales
88%
Quarter FinalPoland
87%
Group StageSlovenia
87%
Round of 16Northern Ireland
83%
Group StageNorth Macedonia
83%
Group StageLatvia
80%

Score Distribution

Percentile by Number Answered

Percent of People with Each Score

Your Score History

You have not taken this quiz since the last reset